Flags Mixed with Brand Logos #1 - Statistics

General Stats
  • This quiz has been taken 37 times
  • The average score is 18 of 24
Answer Stats
Picture Answer % Correct
McDonald's
100%
Google
94%
Pepsi
94%
Spotify
94%
Twitter
94%
Xbox
94%
YouTube
94%
Japan
88%
Walmart
88%
Domino's Pizza
85%
United States
85%
Saudi Arabia
82%
Vietnam
82%
Finland
79%
Facebook
76%
Sweden
70%
Paraguay
64%
Somalia
64%
Ikea
61%
Pakistan
58%
Ethiopia
52%
Palau
52%
Tide
52%
Marshall Islands
45%
No matching quizzes found
Score Distribution
Percent of People with Each Score
Percentile by Number Answered
Your Score History
You have not taken this quiz